| 000 | 00671nam a22002172 4500 | ||
|---|---|---|---|
| 001 | 0000024192 | ||
| 005 | 20151021151152.0 | ||
| 008 | 130618s xx 000 0 eng d | ||
| 020 | _a8184050070 : | ||
| 040 |
_aKABU _cKABU |
||
| 100 | 1 |
_aNandi, Charles. _@0000184152 |
|
| 245 | 1 | 0 |
_aPrinciples of communication / _cCharles Nandi. |
| 250 | _a1st ed. | ||
| 260 |
_aNew Delhi : _bReference Press, _c2006. |
||
| 300 | _av, 238 p. | ||
| 650 | 0 |
_aCommunication. _@0000151592 |
|
| 852 | 1 | _9p2660 KES | |
| 852 | 1 | _9p2660 KES | |
| 908 | _a130618 | ||
| 950 | _@1 | ||
| 999 |
_c1434 _d1434 |
||